Carré magique... ou presque - Statistiques

Statistiques générales
  • Ce quiz a été pris 191 fois
  • Le résultat moyen est 8 sur 8
Statistiques - réponses
Réponse % Correct
1
99%
9
99%
3
98%
4
98%
5
98%
7
98%
8
98%
15
83%
Aucun quiz correspondant
Distribution des résultats
% des personnes avec chaque résultat
Percentile par nombre de réponses
Votre historique - résultats
Vous n’avez pas pris ce quiz